000 00998nam a22002777a 4500
001 9932
003 FISKH
005 20260317122516.0
008 260317b cb ||||| |||| 00| 0 eng d
020 _a9780689845451
040 _aFISKH
_beng
_cFISKH
_dFISKH
050 _a PZ7 .R245
082 _a823.914
100 _aRedmond , Diane
245 _aBob's birthday /
_cbased on the script by Diane Redmond with thanks to Hot Animation
260 _aNew York :
_bSimon Spotlight ,
_c1999.
300 _a24 unnumbered pages :
_bcolor illustrations ;
_c20 X 20cm .
490 _aBob the Builder
505 _aE
520 _a"Can they surprise Bob? Yes, they can! Poor Bob! He can't understand why nobody has remembered his birthday. Little does he know that Wendy is planning a special surprise birthday party for him."
521 8 _a200
_bLexile estimate
521 8 _aE
_bRaz-Plus
650 _aConstruction
_vChildren's Books
942 _2ddc
_cBK
_n0
999 _c9932
_d9932